LIBRARY ONLINE CATALOGUE

Computing concepts with Java 2 essentials / (Record no. 2462)

MARC details
000 -LEADER
fixed length control field 01021nam a22002772 4500
001 - CONTROL NUMBER
control field 0000004109
005 - DATE AND TIME OF LATEST TRANSACTION
control field 20151217145754.0
008 - FIXED-LENGTH DATA ELEMENTS--GENERAL INFORMATION
fixed length control field 070518s xx 000 0 eng d
020 ## - INTERNATIONAL STANDARD BOOK NUMBER
International Standard Book Number 0471346098 :
040 ## - CATALOGING SOURCE
Original cataloging agency KABU
Transcribing agency KABU
050 #0 - LIBRARY OF CONGRESS CALL NUMBER
Classification number QA76.73
Item number .J38H67 2000
100 1# - MAIN ENTRY--PERSONAL NAME
Personal name Horstmann, Cay S.,
Dates associated with a name 1959-.
-- 0000154486
245 10 - TITLE STATEMENT
Title Computing concepts with Java 2 essentials /
Statement of responsibility, etc. Cay S. Horstmann.
250 ## - EDITION STATEMENT
Edition statement 2nd ed.
260 ## - PUBLICATION, DISTRIBUTION, ETC. (IMPRINT)
Place of publication, distribution, etc. New York :
Name of publisher, distributor, etc. John Wiley & Sons,
Date of publication, distribution, etc. c2000.
300 ## - PHYSICAL DESCRIPTION
Extent xvi, 762 p. :
Other physical details ill. (some col.) ;
Dimensions 24 cm.
500 ## - GENERAL NOTE
General note Rev. ed. of: Computing concepts with Java essentials. 1998.
650 #0 - SUBJECT ADDED ENTRY--TOPICAL TERM
Topical term or geographic name as entry element Electronic data processing.
-- 0000014348
650 #0 - SUBJECT ADDED ENTRY--TOPICAL TERM
Topical term or geographic name as entry element Java (Computer program language)
-- 0000148169
908 ## - PUT COMMAND PARAMETER (RLIN)
Put command parameter 070518
950 ## - LOCAL HOLDINGS (RLIN)
-- 1
Holdings
Withdrawn status Lost status Source of classification or shelving scheme Not for loan Home library Current library Date acquired Total Checkouts Full call number Barcode Date last seen Price effective from Koha item type Date last checked out
    Library of Congress Classification   Kabarak, Main Campus Kabarak, Main Campus 17/12/2015   QA76.73 .J38H67 2000 004227 19/10/2016 17/12/2015 General Collection  
    Library of Congress Classification   Kabarak, Main Campus Kabarak, Main Campus 17/12/2015   QA76.73 .J38H67 2000 004228 17/12/2015 17/12/2015 General Collection  
    Library of Congress Classification   Kabarak, Main Campus Kabarak, Main Campus 17/12/2015 4 QA76.73 .J38H67 2000 004229 16/03/2020 17/12/2015 General Collection 09/03/2020
    Library of Congress Classification   Kabarak, Main Campus Kabarak, Main Campus 17/12/2015 1 QA76.73 .J38H67 2000 004230 26/01/2023 17/12/2015 General Collection 01/11/2017